Billie Eilish Songs - Name them all - Statistics

General Stats
  • This quiz has been taken 37 times
  • The average score is 30 of 48
Answer Stats
Hint Answer % Correct
HTE Happier Than Ever
96%
WWAFA bad guy
92%
HMHAS WILDFLOWER
88%
HMHAS BLUE
84%
HMHAS CHIHIRO
84%
HMHAS LUNCH
84%
DSAM ocean eyes
84%
HMHAS BIRDS OF A FEATHER
80%
HMHAS THE GREATEST
80%
WWAFA i love you
72%
DSAM bellyache
68%
DSAM COPYCAT
68%
HTE Getting Older
68%
HMHAS L'AMOUR DE MA VIE
68%
HMHAS SKINNY
68%
WWAFA when the party's over
68%
WWAFA wish you were gay
68%
HTE Oxytocin
64%
HMHAS THE DINER
64%
DSAM watch
64%
HTE Your Power
64%
WWAFA 8
60%
WWAFA all the good girls go to hell
60%
HTE Billie Bossa Nova
60%
DSAM hostage
60%
HTE my future
60%
WWAFA bury a friend
56%
WWAFA goodbye
56%
DSAM idontwannabeyouanymore
56%
WWAFA ilomilo
56%
HTE Lost Cause
56%
HTE Male Fantasy
56%
WWAFA my strange addiction
56%
HTE NDA
56%
DSAM party favor
56%
HTE Therefore I Am
56%
DSAM &burn
52%
HMHAS BITTERSUITE
52%
HTE Everybody Dies
52%
HTE GOLDWING
52%
HTE Halley's Comet
52%
WWAFA listen before i go
52%
DSAM my boy
52%
HTE Not My Responsibility
52%
HTE I Didn't Change My Number
48%
WWAFA xanny
48%
WWAFA you should see me in a crown
48%
HTE OverHeated
44%
No matching quizzes found
Score Distribution
Percent of People with Each Score
Percentile by Number Answered
Your Score History
You have not taken this quiz